|
|
|
|
| LEADER |
00841nam a22002172a 4500 |
| 001 |
000469154 |
| 003 |
CZ BrMZK |
| 005 |
20150521102051.0 |
| 008 |
010907s1984 xo f slo d |
| 040 |
|
|
|a BOA001
|b cze
|c BOA002
|
| 100 |
1 |
|
|a Holčík, Jaroslav
|7 mzk2015872334
|4 aut
|
| 245 |
1 |
0 |
|a Cvičenia z ortoepie a fonetiky slovenčiny /
|c Jaroslav Holčík, Ábel Král
|
| 250 |
|
|
|a 1. vyd.
|
| 260 |
|
|
|a Nitra :
|b Pedagogická fakulta,
|c 1984
|
| 300 |
|
|
|a 82 s.
|
| 490 |
1 |
|
|a Vysokoškolské učebné texty (Pedagogická fakulta, Univerzita Nitra)
|
| 700 |
1 |
|
|a Kráľ, Ábel,
|d 1932-2023
|7 mzk2002142303
|4 aut
|
| 830 |
|
0 |
|a Vysokoškolské učebné texty (Pedagogická fakulta, Univerzita Nitra)
|
| 910 |
|
|
|a BOA001
|b PK-N-0024.105
|
| 990 |
|
|
|a BK
|
| 996 |
7 |
|
|b 3119834311
|c PK-N-0024.105
|l MZK
|r Sklad / do 1 hodiny
|n 0
|w 000469154
|u 000010
|a 1
|e BOA001
|j MZK50
|s A
|